Machine drawing and design : (Record no. 13079)
[ view plain ]
| 000 -LEADER | |
|---|---|
| fixed length control field | 00744cam a22002532 4500 |
| 001 - CONTROL NUMBER | |
| control field | 13079 |
| 003 - CONTROL NUMBER IDENTIFIER | |
| rucl marc code | BD-RjUL |
| 005 - DATE AND TIME OF LATEST TRANSACTION | |
| control field | 20211208235413.0 |
| 008 - FIXED-LENGTH DATA ELEMENTS--GENERAL INFORMATION | |
| fixed length control field | 140130r19511930enka 001 0 eng |
| 035 ## - SYSTEM CONTROL NUMBER | |
| System control number | (BD-RjUL)13129 |
| 040 ## - CATALOGING SOURCE | |
| Original cataloging agency | DLC |
| Transcribing agency | DLC |
| Modifying agency | DLC |
| Language of cataloging | eng |
| 041 ## - LANGUAGE CODE | |
| Language code of text/sound track or separate title | eng |
| 082 ## - DEWEY DECIMAL CLASSIFICATION NUMBER | |
| Classification number | 620.04 |
| Author mark and year | ABM 1951 |
| 100 1# - MAIN ENTRY--PERSONAL NAME | |
| Personal name | Abbott, W. |
| Fuller form of name | (William) |
| 9 (RLIN) | 40748 |
| 245 00 - TITLE STATEMENT | |
| Title | Machine drawing and design : |
| Remainder of title | a textbook of intermediate standard for engineering students / |
| Statement of responsibility, etc. | W. Abbott |
| 250 ## - EDITION STATEMENT | |
| Edition statement | 4th ed. [reprinted] |
| 260 ## - PUBLICATION, DISTRIBUTION, ETC. (IMPRINT) | |
| Place of publication, distribution, etc. | London : |
| Name of publisher, distributor, etc. | Blackie, |
| Date of publication, distribution, etc. | c 1930[Reprining 1951] |
| 300 ## - PHYSICAL DESCRIPTION | |
| Pagination | 224 p. : |
| Illustrations | illus. ; |
| Size | 23 cm. |
| 504 ## - BIBLIOGRAPHY, ETC. NOTE | |
| Bibliography, etc | includes index |
| 650 #0 - SUBJECT ADDED ENTRY--TOPICAL TERM | |
| Topical term or geographic name as entry element | Machine design. |
| 9 (RLIN) | 40060 |
| 942 ## - ADDED ENTRY ELEMENTS (KOHA) | |
| Source of classification or shelving scheme | Dewey Decimal Classification |
| Koha item type | Books |
| Lost status | Source of classification or shelving scheme | Damaged status | Not for loan | Collection code | Permanent Location | Current Location | Shelving location | Date acquired | Total Checkouts | Full call number | Date last seen | Copy number | Koha item type |
|---|---|---|---|---|---|---|---|---|---|---|---|---|---|
| Dewey Decimal Classification | Not For Loan | Non-fiction | Central Library, University of Rajshahi | Central Library, University of Rajshahi | Rare Book Section | 15/05/1976 | 620.04 ABM 1951 | 30/01/2014 | C-1 | Books |